00608nam a2200205Ia 4500003000400000005001700004008004100021020001900062040000700081041000800088082001500096100002600111245004100137260002000178300000900198650003300207942001300240999001900253952013000272OSt20251015114739.0250729s2005 xx 000 0 und d a978-9381052556 cAL aeng a372.8 KUME aKumar Bharati9223057 aA text book of environment education aNew Delhic2005 a280p aEnvironmentEducation9223058 2ddccBED c235726d235726 00104070aALbALd2025-07-29eSita Book Houseg195.00l0o372.8 KUMEpBED01045r2025-07-29 16:54:15v195.00w2025-07-29yBK